000 00423nam a2200157 i 4500
001 59592
003 ES-MaACL
005 20230906164049.0
007 t|
008 031029s1915 xxu ||||1| eng d
100 1 _aElson, Louis C.
_947103
245 1 4 _aThe history of american music /
_cLouis C. Elson.
260 _aNew York :
_bThe Marmillan Company,
_c1915.
300 _a386 p. ;
_c25 cm.
852 _aES-MaACL
_jF-1628
999 _c59592
_d59592